| 000 | 00359nam a2200145Ia 4500 | ||
|---|---|---|---|
| 008 | 230917s9999||||xx |||||||||||||| ||und|| | ||
| 040 |
_e42340 _aMAIN |
||
| 041 | _aEnglish | ||
| 082 | _a820.9 S49E | ||
| 100 | _aStewart, J I M | ||
| 245 | 0 | _aEight modern writers | |
| 260 |
_aLondon _bOxford University Press _c1973 |
||
| 300 | _aviii, 412 p. | ||
| 942 | _cBK | ||
| 999 |
_c129288 _d129288 |
||